[Event "Komercni Banka op"]
[Site "Pardubice"]
[Date "1996.??.??"]
[Round "2"]
[White "Likavsky, Tomas"]
[Black "Korotylev, Alexey"]
[Result "0-1"]
[WhiteElo "2305"]
[BlackElo "2435"]

1.d4 g6 2.c4 Bg7 3.Nc3 d6 4.Nf3 Nf6 5.e4 O-O 6.Be2 e5 7.O-O Nc6 8.d5 Ne7
9.Ne1 Nd7 10.Nd3 f5 11.Bd2 Kh8 12.f3 Ng8 13.b4 Bh6 14.c5 Bxd2 15.Qxd2 f4
16.a4 h5 17.a5 g5 18.Qb2 Nh6 19.b5 Nf7 20.b6 axb6 21.axb6 Rxa1 22.Rxa1 dxc5
23.Na4 cxb6 24.Rb1 c4 25.Nc1 Nd6 26.Nxb6 Nxb6 27.Qxb6 g4 28.Qxd8 Rxd8 29.Rb6 Kg7
30.Na2 Kf7 31.Nc3 Ke7 32.Nb5 g3 33.h4 Nxb5 34.Rxb5 c3 35.Bd3 Kd6 36.Kf1 Bd7
37.Rxb7 Ra8 38.Bb1 Ba4 39.Ke2 c2 40.Bxc2 Bxc2 41.Rb6+ Kd7 42.Rb2 Ba4 43.Rb6 Rc8
44.Rb4 Rc2+ 45.Kd3 Ra2 46.Kc4 Kc7  0-1

[Event "Komercni Banka op"]
[Site "Pardubice"]
[Date "1996.??.??"]
[Round "3"]
[White "Hadraba, Vladimir"]
[Black "Oral, Tomas"]
[Result "0-1"]
[WhiteElo "2275"]
[BlackElo "2470"]

1.e4 d6 2.d4 g6 3.c4 Nf6 4.Nc3 Bg7 5.Nf3 O-O 6.Be2 e5 7.O-O Nc6 8.d5 Ne7
9.Ne1 Nd7 10.Nd3 f5 11.Bd2 Nf6 12.f3 f4 13.c5 g5 14.Rc1 Ng6 15.cxd6 cxd6
16.a4 Rf7 17.Nf2 h5 18.h3 Bf8 19.Nb5 Bd7 20.a5 g4 21.fxg4 hxg4 22.hxg4 Ne8
23.Qb3 Be7 24.Bf3 Bh4 25.Qb4 Rh7 26.Nh3 Nh8 27.Rc2 Nf7 28.Rfc1 Ng5 29.Nxg5 Qxg5
30.Nxd6 Bxg4 31.Bxg4 Qxg4 32.Nxe8 Rxe8 33.Qb3 Bg3 34.d6+ Kh8 35.Rc7 Rh2 36.Qf3 Qxf3
37.gxf3 Rxd2 38.d7 Rd8 39.Rxb7 R8xd7 40.Rxd7 Rxd7 41.Rc5 Rd2 42.Rxe5 Rxb2  0-1

[Event "Komercni Banka op"]
[Site "Pardubice"]
[Date "1996.??.??"]
[Round "4"]
[White "Shariyazdanov, Andrey"]
[Black "Rehak, Martin"]
[Result "1-0"]
[WhiteElo "2470"]
[BlackElo "2215"]

1.d4 Nf6 2.c4 g6 3.Nc3 Bg7 4.e4 d6 5.Be2 O-O 6.Nf3 e5 7.O-O Nc6 8.d5 Ne7
9.b4 Nh5 10.Re1 f5 11.Ng5 Nf6 12.Bf3 fxe4 13.Ngxe4 Nf5 14.g3 Nd4 15.Bg2 Bg4
16.Qd3 Nxe4 17.Nxe4 Nf3+ 18.Bxf3 Rxf3 19.Re3 Qf8 20.Rb1 Qf5 21.Rb3 Rxe3 22.Bxe3 Rf8
23.Nd2 Qh5 24.Qf1 Bh6 25.Bxh6 Qxh6 26.Qe1 Qh5 27.Qe3 Bd1 28.Ra3 a6 29.f3 Qf5
30.Rc3 g5 31.Qe1 Bc2 32.g4 Qg6 33.b5 axb5 34.cxb5 Rf7 35.Qc1 Bd3 36.Rxc7 Bxb5
37.Rxf7 Qxf7 38.Kg2 Qxd5 39.Ne4 Qxa2+ 40.Kg3 Qe6 41.Qxg5+ Kf7 42.Qd8 Kg6
43.h4 Bc6 44.Qf8 h5 45.gxh5+ Kxh5 46.Nf6+ Kg6 47.h5+ Kg5 48.Qg7+ Kf5 49.Qg6+  1-0

[Event "Komercni Banka op"]
[Site "Pardubice"]
[Date "1996.??.??"]
[Round "4"]
[White "Grabliauskas, Virginijus"]
[Black "Beckhuis, Gernod"]
[Result "1-0"]
[WhiteElo "2430"]
[BlackElo "2300"]

1.d4 Nf6 2.c4 g6 3.Nc3 Bg7 4.e4 d6 5.Nf3 O-O 6.Be2 e5 7.O-O Nc6 8.d5 Ne7
9.Ne1 Nd7 10.Be3 f5 11.f3 f4 12.Bf2 g5 13.a4 a6 14.Nd3 Rf6 15.c5 Rh6 16.cxd6 cxd6
17.a5 Qe8 18.Kh1 Nf6 19.Ra4 Qh5 20.Bg1 Qg6 21.Qe1 g4 22.fxg4 Nxg4 23.Rf3 Bf6
24.g3 fxg3 25.Qxg3 Kh8 26.Rc4 Bd7 27.Rc7 Bb5 28.Nxb5 axb5 29.Rf5 Rg8 30.Qxg4 Nxf5
31.exf5 Qxg4 32.Bxg4 Rxg4 33.Rxb7 Ra4 34.Rxb5 Rh3 35.Nf2 Rhh4 36.Kg2 Rhb4
37.Rxb4 Rxb4 38.Nd1 Rb5 39.a6 Rxd5 40.a7 Ra5 41.Nc3 e4 42.Nxe4 Bxb2 43.Nxd6 Ra1
44.Bb6 Bf6 45.Kf3 Kg8 46.Ke4 Kf8 47.Nb5  1-0

[Event "Komercni Banka op"]
[Site "Pardubice"]
[Date "1996.??.??"]
[Round "5"]
[White "Beckhuis, Gernod"]
[Black "Dydyshko, Viacheslav"]
[Result "1/2-1/2"]
[WhiteElo "2300"]
[BlackElo "2545"]

1.d4 Nf6 2.c4 g6 3.Nc3 Bg7 4.e4 d6 5.Nf3 O-O 6.Be2 e5 7.O-O Nc6 8.d5 Ne7
9.b4 Nh5 10.Re1 f5 11.Ng5 Nf6 12.Bf3 Kh8 13.b5 Neg8 14.Ne6 Bxe6 15.dxe6 Qc8
16.Bb2 fxe4 17.Nxe4 Qxe6 18.Qc2 Nd7 19.Rad1 Rad8 20.Re3 Ne7 21.Ra3 Nc8 22.Bc1 h6
23.h4 b6 24.Qe2  1/2-1/2

[Event "Komercni Banka op"]
[Site "Pardubice"]
[Date "1996.??.??"]
[Round "5"]
[White "Sherbakov, Ruslan"]
[Black "Miroshnichenko, Evgenij"]
[Result "1-0"]
[WhiteElo "2555"]
[BlackElo "2420"]

1.d4 Nf6 2.c4 g6 3.Nc3 Bg7 4.e4 d6 5.Be2 O-O 6.Nf3 e5 7.O-O Nc6 8.d5 Ne7
9.Nd2 a5 10.a3 Nd7 11.Rb1 f5 12.b4 Nf6 13.f3 axb4 14.axb4 f4 15.c5 g5 16.Nc4 Ne8
17.b5 dxc5 18.b6 c6 19.Ba3 cxd5 20.exd5 e4 21.Nxe4 Bd4+ 22.Kh1 Nxd5 23.Bb2 Nef6
24.Bxd4 cxd4 25.Qxd4 Nxe4 26.fxe4 Nf6 27.Nd6 Qe7 28.e5 Ng4 29.Nxc8  1-0

[Event "Komercni Banka op"]
[Site "Pardubice"]
[Date "1996.??.??"]
[Round "6"]
[White "Sherbakov, Ruslan"]
[Black "Korotylev, Alexey"]
[Result "1-0"]
[WhiteElo "2555"]
[BlackElo "2435"]

1.d4 g6 2.c4 Bg7 3.Nc3 d6 4.Nf3 Nf6 5.e4 O-O 6.Be2 e5 7.O-O Nc6 8.d5 Ne7
9.Nd2 a5 10.a3 Bd7 11.b3 c6 12.Bb2 Bh6 13.c5 dxc5 14.Nc4 cxd5 15.exd5 Nf5
16.Nxe5 Nd4 17.Bc4 Bf5 18.Ne2 Bc2 19.Qe1 Bg7 20.Nxd4 cxd4 21.Bxd4 Nxd5 22.Nxf7 Rxf7
23.Bxg7 b5 24.Bxd5 Qxd5 25.Bb2 Rc8 26.Rc1 Rfc7 27.Ba1 h5 28.Qxa5 Qxb3 29.Rfe1 Kh7
30.Qd2 Qd3 31.Qg5 Rf7 32.Re7 Qb3 33.Qf6  1-0

[Event "Komercni Banka op"]
[Site "Pardubice"]
[Date "1996.??.??"]
[Round "6"]
[White "Shariyazdanov, Andrey"]
[Black "Varitski, Igor"]
[Result "1-0"]
[WhiteElo "2470"]
[BlackElo "2310"]

1.d4 Nf6 2.c4 g6 3.Nc3 Bg7 4.e4 d6 5.Be2 O-O 6.Nf3 e5 7.O-O Nc6 8.d5 Ne7
9.b4 Nh5 10.Re1 f5 11.Ng5 Nf4 12.Bxf4 exf4 13.Rc1 Kh8 14.Bf3 Be5 15.c5 Rb8
16.Nb5 fxe4 17.Bxe4 Nf5 18.Nf3 Bg7 19.cxd6 cxd6 20.Nc7 Qf6 21.Bxf5 Bxf5 22.Ne6 Bxe6
23.dxe6 Qe7 24.h4 Bf6 25.Rc4 Bxh4 26.Nxh4 Qxh4 27.e7 Rfe8 28.Qxd6 Qh6 29.Rxf4 Qg7
30.Qxb8  1-0

[Event "Komercni Banka op"]
[Site "Pardubice"]
[Date "1996.??.??"]
[Round "9"]
[White "Hanko, Pavel"]
[Black "Agnos, Demetrios"]
[Result "0-1"]
[WhiteElo "2230"]
[BlackElo "2515"]

1.d4 Nf6 2.Nf3 g6 3.c4 Bg7 4.Nc3 O-O 5.e4 d6 6.Be2 e5 7.O-O Nc6 8.d5 Ne7
9.Nd2 a5 10.a3 Nd7 11.Rb1 f5 12.b4 Kh8 13.Qc2 Ng8 14.exf5 gxf5 15.f4 exf4
16.Nf3 axb4 17.axb4 Ne5 18.Bxf4 Bd7 19.c5 Qe8 20.Rbe1 Ne7 21.Ng5 N7g6 22.Bh5 Ra3
23.Nb1 Ra1 24.Nc3 Rxe1 25.Rxe1 Qd8 26.Bc1 f4 27.Nce4 Bf5 28.Bxg6 Nxg6 29.Ne6 Bxe6
30.dxe6 d5 31.Nd2 c6 32.Nf3 Qf6 33.h3 Re8 34.Qe2 Re7 35.Nh2 Qd4+ 36.Kh1 Qxb4
37.Rf1 Qxc5 38.Nf3 h6 39.Bb2 Qd6 40.Bxg7+ Kxg7 41.Nd4 Kf6 42.g3 Qe5 43.Qf2 c5
44.Nb3 Qxe6 45.Nxc5 Qxh3+ 46.Kg1 Kg7 47.gxf4 Re3 48.Qb2+ Kg8 49.Ne4 Qg4+  0-1

[Event "Paris op"]
[Site "Paris"]
[Date "1996.??.??"]
[Round "2"]
[White "Arkhangelsky, Boris"]
[Black "Renet, Olivier"]
[Result "1-0"]
[WhiteElo "2330"]
[BlackElo "2500"]

1.d4 Nf6 2.c4 g6 3.Nc3 Bg7 4.e4 d6 5.Be2 O-O 6.Nf3 e5 7.O-O Nc6 8.d5 Ne7
9.b4 Nh5 10.Re1 h6 11.c5 Nf4 12.Bf1 g5 13.Nd2 f5 14.cxd6 cxd6 15.Nc4 Kh8
16.b5 Rf6 17.b6 a6 18.Ba3 Nfg6 19.Rc1 f4 20.Qb3 Nh4 21.Nd1 Ng8 22.Na5 Rf7
23.Nc6 Qf6 24.Na7 Bd7 25.Rc7 Be8 26.Nb2 Rd8 27.Rec1 Qg6 28.Nc6 bxc6 29.dxc6 Rxc7
30.bxc7 Rc8 31.Qb7 Ne7 32.Na4 g4 33.Nb6 g3 34.Nxc8 gxh2+ 35.Kh1 f3 36.g3  1-0

[Event "St Petersburg-Paris"]
[Site "Paris"]
[Date "1996.??.??"]
[Round "6"]
[White "Sakaev, Konstantin"]
[Black "Degraeve, Jean Marc"]
[Result "1-0"]
[WhiteElo "2560"]
[BlackElo "2490"]

1.Nf3 Nf6 2.d4 g6 3.c4 Bg7 4.Nc3 O-O 5.e4 d6 6.Be2 e5 7.O-O Nc6 8.d5 Ne7
9.Nd2 a5 10.Rb1 Bd7 11.a3 a4 12.b4 axb3 13.Nxb3 b6 14.Ra1 Ba4 15.Nxa4 Rxa4
16.Bd3 Qa8 17.Qe2 Kh8 18.Bc2 Nd7 19.Bb2 Ng8 20.g3 Ngf6 21.Ra2 Kg8 22.Rfa1 h5
23.Bc3 Bh6 24.Nc1 Ra7 25.Nd3 h4 26.a4 hxg3 27.hxg3 Nh5 28.a5 c5 29.dxc6 Qxc6
30.Nb4 Qc5 31.Nd5 Rfa8 32.Bb4 Qd4 33.Ne7+ Kh7 34.Nc6 Nxg3 35.Nxd4 Nxe2+ 36.Nxe2 bxa5
37.Bxd6 Rc8 38.Bd3 Rc6 39.Ba3 Nb6 40.c5  1-0

[Event "Paris op"]
[Site "Paris"]
[Date "1996.??.??"]
[Round "6"]
[White "Sherbakov, Ruslan"]
[Black "Shchekachev, Andrei"]
[Result "1/2-1/2"]
[WhiteElo "2565"]
[BlackElo "2500"]

1.d4 Nf6 2.c4 g6 3.Nc3 Bg7 4.e4 d6 5.Be2 O-O 6.Nf3 e5 7.O-O Nc6 8.d5 Ne7
9.Nd2 a5 10.a3 Bd7 11.b3 c6 12.Bb2 c5 13.Nb5 Ne8 14.b4 axb4 15.axb4 Rxa1
16.Bxa1 b6 17.Nf3 Bxb5 18.cxb5 cxb4 19.Qb3  1/2-1/2

[Event "Paris op"]
[Site "Paris"]
[Date "1996.??.??"]
[Round "7"]
[White "Bernard, Christophe"]
[Black "Velikhanli, Firuza"]
[Result "1-0"]
[WhiteElo "2405"]
[BlackElo "2350"]

1.d4 Nf6 2.Nf3 g6 3.c4 Bg7 4.Nc3 O-O 5.e4 d6 6.Be2 e5 7.O-O Nc6 8.d5 Ne7
9.Nd2 a5 10.a3 Nd7 11.Rb1 f5 12.b4 Kh8 13.Qc2 Ng8 14.Bd3 f4 15.f3 g5 16.Nb5 axb4
17.axb4 Ngf6 18.c5 Ne8 19.Bb2 h5 20.Ra1 Rb8 21.Na7 g4 22.Nxc8 Rxc8 23.Be2 Nef6
24.c6 bxc6 25.dxc6 Nb6 26.Nc4 Nxc4 27.Bxc4 Qe7 28.b5 h4 29.fxg4 Nxg4 30.Qe2 Nh6
31.Qh5 Ra8 32.Bd5 Rab8 33.Rab1 Kh7 34.Bc3 Bf6 35.Be1 Kg7 36.Rf3 Rh8 37.Ra3 Ra8
38.Rab3 Rhb8 39.Bf2 Ra4 40.h3 Ra2 41.Qf3 Nf7 42.Qg4+ Kh6 43.b6 cxb6 44.c7 Qxc7
45.Qe6 Kg7 46.Rc3  1-0

[Event "Petah Tiqwa-B"]
[Site "Petah Tiqwa"]
[Date "1996.??.??"]
[Round "8"]
[White "Tsesarsky, Ilya"]
[Black "Bitansky, Igor"]
[Result "1/2-1/2"]
[WhiteElo "2420"]
[BlackElo "2145"]

1.Nf3 Nf6 2.c4 g6 3.Nc3 Bg7 4.e4 d6 5.d4 O-O 6.Be2 e5 7.O-O Nc6 8.d5 Ne7
9.b4 Nh5 10.Re1 Nf4 11.Bf1 a5 12.Ba3 axb4 13.Bxb4 b6 14.a4 Bg4 15.h3 Bxf3
16.Qxf3 f5 17.Nb5 fxe4 18.Qxe4 Nf5 19.a5 Qg5 20.Kh1 Nh5 21.Qg4 Qe7 22.axb6 Rxa1
23.Rxa1 e4 24.Re1 Be5 25.bxc7 Qf6 26.Kg1 Nd4 27.Re2 Nxe2+ 28.Qxe2 Qf4 29.g3 Nxg3
30.fxg3 Qxg3+ 31.Qg2 Qe3+ 32.Kh1 Qc1 33.Kg1 Qe3+ 34.Kh1 Qc1 35.Kg1 Qe3+ 36.Kh1  1/2-1/2

[Event "Pico City op"]
[Site "Pico City"]
[Date "1996.??.??"]
[Round "7"]
[White "Quiroga, Facundo"]
[Black "Servat, Roberto"]
[Result "1/2-1/2"]
[WhiteElo "2305"]
[BlackElo "2435"]

1.d4 Nf6 2.c4 g6 3.Nc3 Bg7 4.e4 d6 5.Nf3 O-O 6.Be2 e5 7.O-O Nc6 8.d5 Ne7
9.Ne1 Nd7 10.Nd3 f5 11.Bd2 Kh8 12.Rc1 Nf6 13.f3 c5 14.dxc6 Nxc6 15.Bg5 h6
16.Be3 Be6 17.Qd2 Kh7 18.b3 fxe4 19.Nxe4 Nxe4 20.fxe4 Qh4 21.g3 Qe7 22.Nb4 Nd4
23.Nd5 Qd7 24.Bxd4 exd4 25.Rxf8 Rxf8 26.Rf1 Rxf1+ 27.Bxf1  1/2-1/2

[Event "Porto San Giorgio op"]
[Site "Porto San Giorgio"]
[Date "1996.??.??"]
[Round "?"]
[White "Scavo, Fernando"]
[Black "Moroder, Thomas"]
[Result "0-1"]
[WhiteElo "2150"]
[BlackElo "2070"]

1.d4 Nf6 2.c4 g6 3.Nc3 Bg7 4.e4 d6 5.Be2 O-O 6.Nf3 e5 7.O-O Nc6 8.d5 Ne7
9.Ne1 Ne8 10.f3 f5 11.Be3 f4 12.Bf2 g5 13.c5 Rf7 14.a4 Bf8 15.cxd6 cxd6 16.a5 Ng6
17.Nb5 g4 18.fxg4 a6 19.Nc3 Nf6 20.g5 Nd7 21.Bg4 Nc5 22.b4 Bxg4 23.Qxg4 Nb3
24.Rd1 Qe8 25.Rd3 Rc8 26.Na4 Rc4 27.Rxb3 Qxa4 28.Qf3 Rxb4 29.Rxb4 Qxb4 30.Bb6 Be7
31.Nd3 Qb5 32.Nf2 Bxg5 33.Qg4 Bf6 34.Rc1 Qb4 35.Qe6 Nf8 36.Qf5 Bd8 37.Qg4+ Rg7
38.Bxd8 Rxg4 39.Nxg4 Nd7 40.h3 Nc5 41.Bb6 Qd2 42.Rc4 Qe1+ 43.Kh2 Qg3+ 44.Kh1 f3
45.gxf3 Qxf3+ 46.Kg1 Qg3+ 47.Kf1 Qd3+  0-1

[Event "Porto San Giorgio op"]
[Site "Porto San Giorgio"]
[Date "1996.??.??"]
[Round "?"]
[White "Arlandi, Ennio"]
[Black "Colovic, Zoran"]
[Result "1-0"]
[WhiteElo "2455"]
[BlackElo "2140"]

1.d4 Nf6 2.c4 g6 3.Nc3 Bg7 4.e4 d6 5.Nf3 O-O 6.Be2 e5 7.O-O Nc6 8.d5 Ne7
9.Nd2 c5 10.dxc6 bxc6 11.b4 d5 12.a4 Be6 13.Qc2 dxe4 14.Ndxe4 Nxe4 15.Nxe4 Nf5
16.Bb2 Nd4 17.Bxd4 Qxd4 18.Rfd1 Qb6 19.b5 Rfd8 20.c5 Qc7 21.Nd6 e4 22.Rac1 Bh6
23.Rb1 cxb5 24.axb5 e3 25.Bf3 Rab8 26.g3 Bf8 27.Bc6 Bxd6 28.cxd6 Rxd6 29.fxe3 Rxd1+
30.Rxd1 Rxb5 31.Rd8+ Qxd8 32.Bxb5 Qf6 33.Qa4 Qb2 34.Bf1 Qb6 35.Kf2 a5 36.Bb5 Bd5
37.Ke2 h5 38.h3 Be6 39.Bd3 Bxh3 40.Qe8+ Kg7 41.Qe5+ Qf6 42.Qxa5 Bg4+ 43.Kd2 Qf2+  1-0

[Event "Portoroz"]
[Site "Portoroz"]
[Date "1996.??.??"]
[Round "?"]
[White "Dizdar, Selim"]
[Black "Grosar, Kiti"]
[Result "1/2-1/2"]
[WhiteElo "2400"]
[BlackElo "2225"]

1.c4 Nf6 2.Nc3 g6 3.e4 d6 4.d4 Bg7 5.Nf3 O-O 6.Be2 e5 7.O-O Nc6 8.d5 Ne7
9.Nd2 a5 10.Rb1 Nd7 11.a3 f5 12.b4 Kh8 13.Qc2 Ng8 14.exf5 gxf5 15.f4 axb4
16.axb4 Nh6 17.Nf3 exf4 18.Bxf4 Ng4 19.Nb5 Nde5 20.Nbd4 Nxf3+ 21.Nxf3 Ra3
22.Rb3 Rxb3 23.Qxb3 Qe8 24.Bd1 Qe4 25.g3 Bd4+ 26.Nxd4 Qxd4+ 27.Kg2 Re8 28.Bc1 Ne3+
29.Kh1 Kg8 30.Bxe3 Rxe3 31.Qc2 c6 32.dxc6 bxc6 33.Qf2 c5 34.Bf3 Be6 35.bxc5 Bxc4
36.Rd1 Qxc5 37.Rxd6 Qa3 38.Rd8+ Kg7 39.Bh5 Qe7 40.Rd1 Qe4+ 41.Kg1 Kh6 42.g4 Re2
43.Rd6+ Be6 44.Rxe6+ Qxe6 45.Qf4+ Kg7 46.Qg5+ Kf8 47.Qd8+ Kg7  1/2-1/2

[Event "Portoroz"]
[Site "Portoroz"]
[Date "1996.??.??"]
[Round "?"]
[White "Tukmakov, Vladimir B"]
[Black "Rupp, Markus"]
[Result "1-0"]
[WhiteElo "2595"]
[BlackElo "2330"]

1.d4 Nf6 2.Nf3 g6 3.c4 Bg7 4.Nc3 O-O 5.e4 d6 6.Be2 e5 7.O-O Nc6 8.d5 Ne7
9.b4 Nh5 10.Re1 f5 11.Ng5 Nf4 12.Bxf4 exf4 13.Rc1 a5 14.b5 Bf6 15.Ne6 Bxe6
16.dxe6 Bxc3 17.Rxc3 fxe4 18.Bg4 Nf5 19.Rxe4 Qf6 20.Rc1 Ne7 21.b6 h5 22.Bf3 cxb6
23.Qxd6 Nc6 24.Rce1 Rac8 25.h3 Kh7 26.Qd2 Rcd8 27.Qc1 Rd4 28.R4e2 Qe7 29.Qb1 Rd6
30.Bxh5 Rf6 31.Bg4 Nd4 32.Rb2 f3 33.Rxb6 fxg2 34.Rxb7  1-0

[Event "CZE-ch U18"]
[Site "Prague"]
[Date "1996.??.??"]
[Round "2"]
[White "Hozda, David"]
[Black "Jirovsky, Petr"]
[Result "0-1"]
[WhiteElo "1770"]
[BlackElo "2305"]

1.d4 Nf6 2.c4 g6 3.Nc3 Bg7 4.e4 d6 5.Nf3 O-O 6.Be2 e5 7.O-O Nc6 8.d5 Ne7
9.Ne1 Nd7 10.Nd3 f5 11.f3 f4 12.b4 g5 13.Bd2 h5 14.Rc1 Nf6 15.c5 Ng6 16.cxd6 cxd6
17.g3 fxg3 18.hxg3 g4 19.f4 Qb6+ 20.Kg2 exf4 21.Nxf4 Nxf4+ 22.Bxf4 Bd7 23.Qb3 Rae8
24.Bd3 h4 25.a4 Nh5 26.Ne2 Nxf4+ 27.Nxf4 Qe3 28.Bc2 Qd2+ 29.Kh1 Rxf4  0-1

[Event "CZE-ch U18"]
[Site "Prague"]
[Date "1996.??.??"]
[Round "8"]
[White "Skorpik, Martin"]
[Black "Schwarz, Michael"]
[Result "1-0"]
[WhiteElo "1935"]
[BlackElo "1775"]

1.d4 Nf6 2.c4 g6 3.Nc3 Bg7 4.e4 d6 5.Nf3 O-O 6.Be2 e5 7.O-O Nc6 8.d5 Ne7
9.Ne1 Ne8 10.Nd3 f5 11.f3 f4 12.g4 fxg3 13.hxg3 Nf6 14.Kg2 Kh8 15.Be3 Rg8
16.Rh1 Bd7 17.c5 Qe8 18.b4 Bf8 19.a4 g5 20.cxd6 cxd6 21.Nf2 Qg6 22.Qd3 Nh5
23.Ng4 Nf6 24.Nxf6 Qxf6 25.Qd2 Rg6 26.Nb5 a6 27.Nc7 Rc8 28.Rac1 Bxa4 29.b5 Bxb5
30.Bxb5 axb5 31.Nxb5 g4 32.f4 Rxc1 33.Qxc1 Rh6 34.Rf1 Rh3 35.fxe5 Qg7 36.exd6  1-0

[Event "Helma op"]
[Site "Pribram"]
[Date "1996.??.??"]
[Round "?"]
[White "Pekarek, Ales"]
[Black "Voller, Jiri"]
[Result "1-0"]
[WhiteElo "2415"]
[BlackElo "2200"]

1.d4 Nf6 2.Nf3 g6 3.c4 Bg7 4.Nc3 O-O 5.e4 d6 6.Be2 e5 7.O-O Nc6 8.d5 Ne7
9.Nd2 a5 10.a3 Bd7 11.Rb1 a4 12.b3 axb3 13.Nxb3 b6 14.Ra1 Ne8 15.a4 f5 16.f3 Nf6
17.Bd2 Nh5 18.a5 bxa5 19.Nxa5 Nf4 20.Kh1 g5 21.c5 Qe8 22.Bc4 g4 23.Nc6 Rxa1
24.Qxa1 Neg6 25.fxg4 fxg4 26.g3 Nh3 27.Rxf8+ Qxf8 28.Qf1  1-0

[Event "Banicky Kahanec"]
[Site "Prievidza"]
[Date "1996.??.??"]
[Round "5"]
[White "Koutsin, Sergey"]
[Black "Maslik, Miroslav"]
[Result "1-0"]
[WhiteElo "2435"]
[BlackElo "2180"]

1.d4 Nf6 2.Nf3 g6 3.c4 Bg7 4.Nc3 O-O 5.e4 d6 6.Be2 e5 7.O-O Nc6 8.d5 Ne7
9.Ne1 Nd7 10.Be3 f5 11.f3 f4 12.Bf2 g5 13.a4 Ng6 14.a5 h5 15.Nb5 Nf6 16.Nxa7 g4
17.Nxc8 g3 18.hxg3 fxg3 19.Bxg3 Rxc8 20.Ra3 h4 21.Bh2 Nh5 22.f4 Nhxf4 23.Bg4 Ra8
24.Kh1 Rf6 25.Rg1 Ra6 26.g3 hxg3 27.Raxg3 Qf8 28.Ng2 Rxa5 29.Bf5 Ra2 30.Nxf4 Nxf4
31.Rxg7+ Qxg7 32.Rxg7+ Kxg7 33.Bxf4 exf4 34.Qg4+ Kf8 35.Qg5 Rf7 36.Bg6  1-0

[Event "CRO-Cup"]
[Site "Pula"]
[Date "1996.??.??"]
[Round "?"]
[White "Cebalo, Miso"]
[Black "Zivkovic, Vjekoslav"]
[Result "1-0"]
[WhiteElo "2495"]
[BlackElo "2255"]

1.d4 Nf6 2.Nf3 g6 3.c4 Bg7 4.Nc3 O-O 5.e4 d6 6.Be2 e5 7.O-O Nc6 8.Be3 Ng4
9.Bg5 f6 10.Bc1 f5 11.dxe5 Ngxe5 12.exf5 Bxf5 13.Be3 Qd7 14.Nxe5 dxe5 15.Qxd7 Bxd7
16.Bf3 Be6 17.Nd5 Rf7 18.Rfe1 Nd8 19.Be2 Rd7 20.Rac1 b6 21.b4 Nf7 22.Nc3 Nd6
23.c5 Nf5 24.Bb5 Rf7 25.Ne4 h6 26.a4 Rd8 27.h3 Kh7 28.Bc4 Bxc4 29.Rxc4 Rd3
30.b5 Nd4 31.cxb6 cxb6 32.Kh2 Nb3 33.Re2 Na5 34.Rc8 Ra3 35.Rec2 Rxa4 36.f3 Ra3
37.Bd2 Rd3 38.Bxa5 bxa5 39.Ra2 Rd5 40.Nc3 Rd4 41.Rxa5 Bf6 42.Ra6 Bd8 43.Re6 e4
44.Nxe4 Bc7+ 45.g3 Rd8 46.Nf6+ Kh8 47.Re8+ Kg7 48.Rexd8 Bxd8 49.Ne8+  1-0

[Event "CRO-Cup"]
[Site "Pula"]
[Date "1996.??.??"]
[Round "?"]
[White "Matijevic, Hrvoje"]
[Black "Zelenika, Srdjan"]
[Result "1/2-1/2"]
[WhiteElo "2270"]
[BlackElo "2300"]

1.Nf3 Nf6 2.c4 g6 3.Nc3 Bg7 4.e4 d6 5.d4 O-O 6.Be2 e5 7.O-O Nc6 8.Be3 Ng4
9.Bg5 f6 10.Bc1 Kh8 11.h3 exd4 12.Nxd4 Nxd4 13.Qxd4 f5 14.Qd1 Ne5 15.exf5 Bxf5
16.Be3 Be6 17.Qb3 g5 18.Ne4 h6 19.Rad1 b5 20.Qxb5 Rb8 21.Qa6 Rxb2 22.Rd2 Rxd2
23.Nxd2 Qd7 24.Qb7 a5 25.Rc1 Nc6 26.a3 Nd4 27.Bd1 Nf5 28.Ba7 Nd4 29.Nf3 Qc6
30.Qxc6 Nxc6 31.Be3 Rb8 32.c5 d5 33.Ba4 d4 34.Bxc6 dxe3 35.fxe3 Bb2 36.Rc2 Bxa3
37.Nd4 Bf7 38.Kf2 Bg6 39.e4 Rb2 40.Rxb2 Bxb2 41.Ke3 Bxd4+ 42.Kxd4 Kg7 43.Ke5 Kf7
44.Ba4 Ke7 45.c6 Bf7 46.g3 Bc4 47.h4 gxh4 48.gxh4 Be6 49.Kd4 Kd6 50.e5+ Ke7
51.Kc5 Ba2 52.Kb5 Ke6 53.Kxa5 Kxe5 54.Ka6 Bc4+ 55.Kb7 Kd6 56.Kb8 Ba6 57.Ka7 Bc4
58.Kb7 Bd5 59.Bb5 Kc5 60.Ba4 Kd6  1/2-1/2

[Event "EU-ch U14"]
[Site "Rimavska Sobota"]
[Date "1996.??.??"]
[Round "2"]
[White "Kobylkin, Evgeni"]
[Black "Djukic, Nikola"]
[Result "1-0"]
[WhiteElo "2365"]
[BlackElo "2035"]

1.d4 Nf6 2.c4 g6 3.Nc3 Bg7 4.e4 d6 5.Nf3 O-O 6.Be2 e5 7.O-O Nc6 8.d5 Ne7
9.Ne1 Ne8 10.Be3 f5 11.f3 f4 12.Bf2 h5 13.a4 g5 14.a5 Rf6 15.c5 Rg6 16.Nb5 g4
17.Kh1 Bd7 18.cxd6 Nxd6 19.Qb3 g3 20.Bg1 h4 21.Nxd6 cxd6 22.Bb5 h3 23.Bxd7 Qxd7
24.Rc1 Kf7 25.Rc2 Rh8 26.Bxa7 hxg2+ 27.Rxg2 Rxh2+ 28.Rxh2 gxh2 29.Ng2 Qh3
30.Rf2 Bf6 31.Qc2 Bh4 32.Rf1 Rg8 33.b4 Rc8 34.Qe2 Bg3 35.Bf2 Rc3 36.b5 Ra3
37.Bxg3 Qxg3 38.a6 bxa6 39.Qb2 Ra5 40.bxa6 Rxa6 41.Ne1 Ra8 42.Qxh2 Qxh2+
43.Kxh2 Rh8+ 44.Kg2 Kf6 45.Nd3 Ng6 46.Rc1 Rg8 47.Kf2 Ra8 48.Rc6 Ke7 49.Rc7+ Kd8
50.Rh7 Ra2+ 51.Kf1 Ne7 52.Nf2 Ra3 53.Kg2 Ra2 54.Rh2 Kd7 55.Kh3 Rb2 56.Ng4 Rxh2+
57.Nxh2 Nc8 58.Nf1 Na7 59.Kg4 Nb5 60.Nd2 Nd4 61.Nc4 Ke7 62.Nb2 Kd7 63.Nd3 Ke7
64.Ne1 Kd7 65.Ng2 Ke7 66.Nh4 Kf6 67.Nf5 Nxf5 68.exf5 Kf7 69.Kg5 Kg7 70.f6+ Kf7
71.Kf5 Kg8 72.Ke6 e4 73.Ke7  1-0

[Event "EU-ch U18"]
[Site "Rimavska Sobota"]
[Date "1996.??.??"]
[Round "4"]
[White "Surma, Dmitry"]
[Black "Socko, Bartosz"]
[Result "0-1"]
[WhiteElo "2275"]
[BlackElo "2445"]

1.d4 Nf6 2.Nf3 g6 3.c4 Bg7 4.Nc3 O-O 5.e4 d6 6.Be2 e5 7.O-O Nc6 8.d5 Ne7
9.b4 Nh5 10.Ne1 Nf4 11.Nd3 f5 12.f3 g5 13.Be3 Neg6 14.Rc1 h5 15.c5 Nxe2+
16.Qxe2 f4 17.Bf2 g4 18.cxd6 cxd6 19.Kh1 Bd7 20.a4 a6 21.Nb2 Qg5 22.Nc4 g3
23.Nb6 Bh3 24.Rg1 Bc8 25.Rgd1 Rb8 26.Bg1 Bg4 27.Rc2 Nh4 28.Qf1 Rf7 29.Rdd2 Bf6
30.Na2 Rg7 31.Nc1 Bd8 32.a5 Kh8 33.Nd3 Bxb6 34.Bxb6 Bd7 35.Qc1 Rbg8 36.Ne1 gxh2
37.Rc7 Bh3 38.Rxg7 Qxg7 39.Qc2 Qg3 40.Re2 Bxg2+ 41.Nxg2 Qxf3 42.Rf2 Qg3 43.Qd2 Kh7
44.Bd8 Rxd8 45.Nxh4 Qg1+  0-1

[Event "EU-ch U14"]
[Site "Rimavska Sobota"]
[Date "1996.??.??"]
[Round "4"]
[White "Kobylkin, Evgeni"]
[Black "Evelev, Vladimir M"]
[Result "1-0"]
[WhiteElo "2365"]
[BlackElo "2335"]

1.d4 Nf6 2.c4 g6 3.Nc3 Bg7 4.e4 O-O 5.Nf3 d6 6.Be2 e5 7.O-O Nc6 8.d5 Ne7
9.Ne1 Ne8 10.Be3 f5 11.f3 f4 12.Bf2 h5 13.a4 g5 14.a5 Rf6 15.c5 Rg6 16.cxd6 Nxd6
17.Rc1 g4 18.Bh4 g3 19.hxg3 fxg3 20.f4 Bg4 21.f5 Bxe2 22.Qxe2 Rg4 23.Nf3 Qf8
24.Qe1 Bh6 25.Nxe5 Rxh4 26.Qxg3+ Qg7 27.Qxh4 Bxc1 28.f6 Bg5 29.Qf2 Bxf6 30.Qxf6 Qxf6
31.Rxf6 Rf8 32.Re6 Nec8 33.Nd7 Rd8 34.Nf6+ Kf7 35.Nxh5 c6 36.Rf6+ Ke7 37.e5 Nc4
38.d6+ Kd7 39.Ne4 Rh8 40.Nc5+ Kd8 41.Nxb7+ Kd7 42.e6+  1-0

[Event "EU-ch U18"]
[Site "Rimavska Sobota"]
[Date "1996.??.??"]
[Round "5"]
[White "Bagirov, Rufat"]
[Black "Groetz, Harald"]
[Result "1-0"]
[WhiteElo "2285"]
[BlackElo "2280"]

1.d4 g6 2.c4 Bg7 3.e4 d6 4.Nc3 Nf6 5.Be2 O-O 6.Nf3 e5 7.O-O Nc6 8.d5 Ne7
9.Ne1 Nd7 10.f3 f5 11.g4 Nf6 12.Nd3 c6 13.Be3 Bd7 14.h3 a5 15.c5 cxd5 16.cxd6 d4
17.dxe7 Qxe7 18.Bf2 dxc3 19.Bc5 Qe6 20.Bxf8 Rxf8 21.bxc3 a4 22.Rb1 b5 23.Nf2 fxe4
24.fxe4 Bc6 25.Bxb5 Nxe4 26.Bxc6 Qxc6 27.Nxe4 Qxe4 28.Qd2 Rc8 29.Rb4 Qc6
30.Qd3 Bf8 31.Re4 Qxc3 32.Qxc3 Rxc3 33.Rxa4 Bc5+ 34.Kg2 e4 35.Rd1 Rc2+ 36.Kg3 e3
37.Rd7 e2 38.Ra8+ Bf8 39.Kf2  1-0

[Event "EU-ch U18"]
[Site "Rimavska Sobota"]
[Date "1996.??.??"]
[Round "6"]
[White "Hrivnak, Martin"]
[Black "Komora, Andrej"]
[Result "1/2-1/2"]
[WhiteElo "2185"]
[BlackElo "2205"]

1.Nf3 Nf6 2.c4 g6 3.Nc3 Bg7 4.e4 d6 5.d4 O-O 6.Be2 e5 7.O-O Nc6 8.d5 Ne7
9.b4 Nh5 10.Qb3 Nf4 11.Bxf4 exf4 12.c5 h6 13.h4 g5 14.hxg5 hxg5 15.Nxg5 Ng6
16.Nf3 Bg4 17.Rac1 Bxf3 18.Bxf3 Be5 19.Rfd1 Kg7 20.Kf1 Rh8 21.Ke2 a5 22.cxd6 axb4
23.dxc7 Qxc7 24.Qxb4 Rhc8 25.Rd3 Bd6 26.Qd4+ Ne5 27.Bg4 Re8 28.a4 b6 29.Bf5 Bc5
30.Nb5 Qd8 31.Qa1 Qh4 32.Rf3 Rxa4 33.Qxa4 Nxf3 34.Rxc5 Ng1+ 35.Kd3 Qxf2 36.Qd4+ Qxd4+
37.Nxd4 bxc5 38.Nc6 f3 39.gxf3 Nxf3 40.d6 Rh8 41.d7 Nh4 42.Bh3 f5 43.exf5 Kf6
44.Kc4 Nxf5 45.Kxc5 Ne7 46.d8=B Rh5+ 47.Kb6 Rxh3 48.Bxe7+ Ke6 49.Bc5  1/2-1/2

[Event "EU-ch U18 Girls"]
[Site "Rimavska Sobota"]
[Date "1996.??.??"]
[Round "8"]
[White "Zielinska, Marta"]
[Black "Bobrowska, Monika"]
[Result "1/2-1/2"]
[WhiteElo "2240"]
[BlackElo "2325"]

1.d4 Nf6 2.Nf3 g6 3.c4 Bg7 4.Nc3 O-O 5.e4 d6 6.Be2 e5 7.O-O Nc6 8.d5 Ne7
9.Ne1 Nd7 10.f3 f5 11.g4 h6 12.h4 Nf6 13.Nd3 Kh7 14.Kg2 Neg8 15.Be3 Ne8 16.Rh1 Ngf6
17.h5 f4 18.hxg6+ Kxg6 19.Bf2 h5 20.Nxf4+ exf4 21.e5 dxe5 22.Qc2+ e4 23.Nxe4 Nxe4
24.Qxe4+ Kf7 25.Bd3 Qf6  1/2-1/2